000 00248 a2200109 4500
001 63412
082 _a297.63 NAU
090 _c37469
_d37469
100 _aAllma Shibli naumani
245 _aSiraat-unabi Jild 3rd
_hUrdu
260 _bPAF Book Club
942 _aCAE NUST
_k297.63 NAU
999 _c298485
_d298485